Standards of reading 1948-1956 (Record no. 414750)

000 -LEADER
fixed length control field 00385cam a22001217a 4500
008 - FIXED-LENGTH DATA ELEMENTS--GENERAL INFORMATION
fixed length control field 180718b1957 xxu||||| |||| 00| 0 eng d
082 ## - DEWEY DECIMAL CLASSIFICATION NUMBER
Classification number P281x42
245 ## - TITLE STATEMENT
Title Standards of reading 1948-1956
Statement of responsibility, etc. by Ministry of Education
260 ## - PUBLICATION, DISTRIBUTION, ETC.
Place of publication, distribution, etc. London
Name of publisher, distributor, etc. Her Majesty's Stationery Office
Date of publication, distribution, etc. 1957
300 ## - PHYSICAL DESCRIPTION
Extent 46p.
440 ## - SERIES STATEMENT/ADDED ENTRY--TITLE
Title Ministry of Education Pamphlet No.32
700 ## - ADDED ENTRY--PERSONAL NAME
Personal name U.K. Ministry of Education
Holdings
Withdrawn status Lost status Damaged status Not for loan Permanent Location Current Location Date acquired Full call number Barcode Date last seen Price effective from Koha item type
        Indian Institute of Public Administration Indian Institute of Public Administration 2009-02-26 P281x42 7100 2018-07-21 2018-07-21 Book

Powered by Koha